MARC details
| 000 -CABECERA |
| campo de control de longitud fija |
00980nam a2200253 a 4500 |
| 001 - NÚMERO DE CONTROL |
| campo de control |
000043356 |
| 005 - FECHA Y HORA DE LA ÚLTIMA TRANSACCIÓN |
| campo de control |
20201002040836.0 |
| 008 - DATOS DE LONGITUD FIJA--INFORMACIÓN GENERAL |
| campo de control de longitud fija |
140311s1979 sp 001 0 spa d |
| 020 ## - NÚMERO INTERNACIONAL ESTÁNDAR DEL LIBRO |
| Número Internacional Estándar del Libro |
8434465140 |
| 040 ## - FUENTE DE LA CATALOGACIÓN |
| Centro catalogador/agencia de origen |
DO-SdBNP |
| Lengua de catalogación |
spa |
| Centro/agencia transcriptor |
BNPHU |
| 100 1# - ENTRADA PRINCIPAL--NOMBRE DE PERSONA |
| Nombre de persona |
Vovelle, Michelle |
| 9 (RLIN) |
71007 |
| 240 10 - TÍTULO UNIFORME |
| Título uniforme |
La chute de la monarcie, 1787-1792 |
| Lenguaje de la obra |
español |
| 245 13 - MENCIÓN DE TÍTULO |
| Título |
Nueva historia de la Francia contemporánea : |
| Resto del título |
la Caída de la Monarquía 1787-1792 / |
| Mención de responsabilidad, etc. |
Michel Vovelle; traducción de Clara Camps. |
| 260 ## - PUBLICACIÓN, DISTRIBUCIÓN, ETC. |
| Lugar de publicación, distribución, etc. |
Barcelona : |
| Nombre del editor, distribuidor, etc. |
Ariel, |
| Fecha de publicación, distribución, etc. |
1979. |
| 300 ## - DESCRIPCIÓN FÍSICA |
| Extensión |
313 p. : |
| Otras características físicas |
il., ; |
| Dimensiones |
23 cm. |
| 490 1# - MENCIÓN DE SERIE |
| Mención de serie |
Ariel Historia |
| Designación de volumen o secuencia |
26 |
| 500 ## - NOTA GENERAL |
| Nota general |
Incluye índice |
| 504 ## - NOTA DE BIBLIOGRAFÍA, ETC. |
| Nota de bibliografía, etc. |
Bibliografía : p. [295]-302 |
| 500 ## - NOTA GENERAL |
| Nota general |
Incluye datos biográficos del autor en la solapa de la cubierta |
| 504 ## - NOTA DE BIBLIOGRAFÍA, ETC. |
| Nota de bibliografía, etc. |
Incluye referencias bibliográficas y notas al pie de las páginas |
| 500 ## - NOTA GENERAL |
| Nota general |
Un solvente estudio sobre la revolución francesa |
| 700 1# - PUNTO DE ACCESO ADICIONAL--NOMBRE DE PERSONA |
| Nombre de persona |
Camps, Clara |
| Término indicativo de función/relación |
tr. |
| 9 (RLIN) |
71008 |
| 830 #0 - PUNTO DE ACCESO ADICIONAL DE SERIE-TÍTULO UNIFORME |
| Título uniforme |
Ariel Historia |
| Designación de volumen o secuencia |
26 |
| 9 (RLIN) |
9024 |